[Event "Klatovy op"]
[Site "Klatovy"]
[Date "2014.06.30"]
[Round "3"]
[White "Parizek, Vojtech"]
[Black "Mares, Vaclav"]
[Result "1-0"]
[WhiteElo "1782"]
[BlackElo "1990"]
[PlyCount "59"]
[EventDate "2014.06.28"]
[EventType "swiss"]
[EventRounds "9"]
[EventCountry "CZE"]
[SourceTitle "CBM 161 Extra"]
[Source "ChessBase"]
[SourceDate "2014.08.29"]
[SourceVersion "1"]
[SourceVersionDate "2014.08.29"]
[SourceQuality "1"]

1. e4 e5 2. Nf3 Nc6 3. Bb5 f5 4. Nc3 Nf6 5. d3 fxe4 6. dxe4 d6 7. 0-0 Bg4 8. Be3 a6 9. Bc4 Na5 10. Be2 Qd7 11. h3 Be6 12. b3 h6 13. Nd2 g5 14. Nd5 Nxd5 15. exd5 Bxd5 16. c4 Bf7 17. Ne4 Bg7 18. Bg4 Qe7 19. Re1 Nc6 20. g3 Nd8 21. f4 gxf4 22. gxf4 h5 23. fxe5 hxg4 24. exd6 Qd7 25. Bh6 Be6 26. Nc5 Qf7 27. Bxg7 Rxh3 28. Qxg4 Rh4 29. Qxh4 Qxg7+ 30. Kh1 1-0

[Event "Klatovy op"]
[Site "Klatovy"]
[Date "2014.06.28"]
[Round "1"]
[White "Sodoma, Jan"]
[Black "Mares, Vaclav"]
[Result "1-0"]
[WhiteElo "2342"]
[BlackElo "1990"]
[PlyCount "99"]
[EventDate "2014.06.28"]
[EventType "swiss"]
[EventRounds "9"]
[EventCountry "CZE"]
[SourceTitle "CBM 161 Extra"]
[Source "ChessBase"]
[SourceDate "2014.08.29"]
[SourceVersion "1"]
[SourceVersionDate "2014.08.29"]
[SourceQuality "1"]

1. d4 Nf6 2. c4 e5 3. dxe5 Ng4 4. Bf4 Nc6 5. Nf3 Bb4+ 6. Nbd2 Qe7 7. e3 Ngxe5 8. Nxe5 Nxe5 9. Be2 d6 10. 0-0 Be6 11. Qa4+ Nc6 12. Bf3 0-0 13. Nb3 a5 14. Bxc6 bxc6 15. a3 Bc5 16. Nxc5 dxc5 17. Qxc6 Bxc4 18. Rfc1 Bb3 19. Rxc5 a4 20. Rac1 h6 21. Bxc7 Qe6 22. Qf3 Rac8 23. h3 Rfe8 24. Qg3 f6 25. R1c3 Qe4 26. Rc1 Kh7 27. Qd6 Qg6 28. Kh2 Qe4 29. Qd2 Re6 30. R1c3 Re7 31. Qd6 Re6 32. Qd7 Ree8 33. f3 Qe7 34. Qf5+ Kg8 35. e4 Be6 36. Qf4 Qd7 37. Rc6 Re7 38. Qg3 Kh7 39. R6c5 Bb3 40. h4 Qd2 41. h5 Qxb2 42. Bd6 Rxc5 43. Rxc5 Rb7 44. Qg6+ Kh8 45. Qe8+ Bg8 46. Qxa4 Qf2 47. e5 Rb2 48. Qg4 f5 49. Qg3 Qf1 50. Rc7 1-0

[Event "Klatovy op-A"]
[Site "Klatovy"]
[Date "2013.07.02"]
[Round "4"]
[White "Hurdzan, Tomas"]
[Black "Mares, Vaclav"]
[Result "1-0"]
[WhiteElo "1813"]
[BlackElo "2023"]
[PlyCount "73"]
[EventDate "2013.06.29"]
[EventType "swiss"]
[EventRounds "9"]
[EventCountry "CZE"]
[SourceTitle "EXT 2014"]
[Source "ChessBase"]
[SourceDate "2013.11.20"]
[SourceVersion "1"]
[SourceVersionDate "2013.11.20"]
[SourceQuality "1"]

1. e4 e5 2. Nf3 Nc6 3. Nc3 Nf6 4. d4 exd4 5. Nxd4 Bb4 6. Nxc6 bxc6 7. Bd3 0-0 8. 0-0 Re8 9. Bg5 h6 10. Bh4 Bxc3 11. bxc3 g5 12. Bg3 Nxe4 13. Qh5 Kg7 14. Bxe4 Rxe4 15. f4 Qe7 16. fxg5 hxg5 17. Rf5 f6 18. Raf1 Qe8 19. Qxe8 Rxe8 20. Rxf6 Ba6 21. Rf7+ Kg8 22. R1f5 Rab8 23. h3 g4 24. Rxd7 Rb1+ 25. Kh2 Rb5 26. Rff7 Rg5 27. h4 Rg6 28. Bf4 Bc4 29. Rh7 g3+ 30. Bxg3 Re3 31. Rhe7 Rxe7 32. Rxe7 Bd5 33. Rxc7 Re6 34. Rxa7 Re2 35. a4 Rxg2+ 36. Kh3 Rxc2 37. Be5 1-0

[Event "Klatovy op-A"]
[Site "Klatovy"]
[Date "2013.07.01"]
[Round "3"]
[White "Mares, Vaclav"]
[Black "Zilavy, Jan"]
[Result "1-0"]
[WhiteElo "2023"]
[BlackElo "1774"]
[PlyCount "95"]
[EventDate "2013.06.29"]
[EventType "swiss"]
[EventRounds "9"]
[EventCountry "CZE"]
[SourceTitle "EXT 2014"]
[Source "ChessBase"]
[SourceDate "2013.11.20"]
[SourceVersion "1"]
[SourceVersionDate "2013.11.20"]
[SourceQuality "1"]

1. e4 e6 2. d4 d5 3. Nc3 Bb4 4. Bd2 dxe4 5. Qg4 g6 6. Qxe4 Nf6 7. Qh4 Nd5 8. Qg3 Nc6 9. Bb5 Bd7 10. Nge2 Bd6 11. Qf3 Qf6 12. Qh3 0-0-0 13. Bxc6 Bxc6 14. 0-0 Ne7 15. a4 Kb8 16. Nb5 Nf5 17. Bc3 e5 18. Nxd6 cxd6 19. Rfd1 Qe7 20. Bb4 Qg5 21. Bd2 Qe7 22. Ba5 Rc8 23. Bb4 Qf6 24. d5 Bd7 25. Qf3 h5 26. Ng3 Qe7 27. Ne4 Ka8 28. Qa3 Rxc2 29. Nxd6 Nxd6 30. Bxd6 Qf6 31. Bc5 Rc8 32. Be3 h4 33. h3 g5 34. Rac1 Bf5 35. Rxc2 Rxc2 36. Rc1 Rxc1+ 37. Bxc1 b6 38. a5 Kb7 39. axb6 axb6 40. Qb4 Qd8 41. Qb5 Bd7 42. Qb4 Bf5 43. Qc4 Bd7 44. Qe4 f6 45. Be3 Qf8 46. d6+ Bc6 47. Qh7+ Ka6 48. Qc7 1-0

[Event "CZE-chT2A 1112"]
[Site "Czech Republic"]
[Date "2012.04.22"]
[Round "11"]
[White "Mares, Vaclav"]
[Black "Chlad, Lukas"]
[Result "1-0"]
[WhiteElo "1999"]
[BlackElo "1921"]
[PlyCount "89"]
[EventDate "2011.10.09"]
[EventType "team-tourn"]
[EventRounds "11"]
[EventCountry "CZE"]
[SourceTitle "EXT 2013"]
[Source "ChessBase"]
[SourceDate "2012.11.22"]
[SourceVersion "1"]
[SourceVersionDate "2012.11.22"]
[SourceQuality "1"]
[WhiteTeam "Line"]
[BlackTeam "Klatovy"]
[WhiteTeamCountry "CZE"]
[BlackTeamCountry "CZE"]

1. e4 c5 2. Nf3 Nc6 3. d4 cxd4 4. Nxd4 g6 5. c4 Nf6 6. Nc3 Nxd4 7. Qxd4 d6 8. e5 dxe5 9. Qxe5 Be6 10. Nd5 Bxd5 11. cxd5 a6 12. Bc4 Bg7 13. 0-0 0-0 14. Bg5 Re8 15. Rad1 Qb6 16. Bb3 Rad8 17. Rfe1 Rd6 18. Qe2 Qc5 19. Bf4 Rdd8 20. Rc1 Qd4 21. Be5 Qg4 22. f3 Qf5 23. Rc7 Nxd5 24. Rxb7 Bxe5 25. Qxe5 Qxe5 26. Rxe5 e6 27. Ra7 Rd6 28. Bxd5 Rxd5 29. Rxd5 exd5 30. Rxa6 Re2 31. Rb6 d4 32. Kf1 d3 33. a4 Rc2 34. Ke1 Rxg2 35. a5 Rxh2 36. a6 Rh1+ 37. Kd2 Ra1 38. Kxd3 Kg7 39. Ke3 h5 40. Kf4 h4 41. Kg4 g5 42. b4 Rg1+ 43. Kh3 Rg3+ 44. Kh2 Rxf3 45. Rb5 1-0

[Event "CZE-chT2J 0203"]
[Site "Czech Republic"]
[Date "2003.??.??"]
[Round "8"]
[White "Mares, Vaclav"]
[Black "Marek, Jan"]
[Result "1-0"]
[WhiteElo "2053"]
[BlackElo "1844"]
[PlyCount "109"]
[EventDate "2002.10.??"]
[EventType "team"]
[EventRounds "11"]
[EventCountry "CZE"]
[SourceTitle "EXT 2007"]
[Source "ChessBase"]
[SourceDate "2006.11.23"]
[SourceVersion "1"]
[SourceVersionDate "2006.11.23"]
[SourceQuality "1"]

1. e4 e6 2. d4 d5 3. exd5 exd5 4. Bd3 Be6 5. Nf3 Nf6 6. 0-0 Bd6 7. Ng5 0-0 8. Nxe6 fxe6 9. Re1 Re8 10. f4 c5 11. g4 g6 12. dxc5 Bxc5+ 13. Kh1 Nc6 14. Nc3 a6 15. Bf1 Qc7 16. Bh3 Bd4 17. Ne2 Ne4 18. Kg2 Bc5 19. Rf1 Rad8 20. Ng3 Nxg3 21. hxg3 e5 22. f5 d4 23. f6 Qf7 24. g5 e4 25. Bf4 Ne5 26. Bxe5 Rxe5 27. Qg4 e3 28. Qf4 Qd5+ 29. Kh2 Kf7 30. Qh4 h5 31. Bg2 Qd7 32. Bf3 Rh8 33. Qf4 Qf5 34. Qxf5 Rxf5 35. Bxb7 Rxf1 36. Rxf1 Rb8 37. Bxa6 Rxb2 38. Bc4+ Kf8 39. Bd3 Kf7 40. Kh3 Bb4 41. a4 e2 42. Bc4+ Kf8 43. Bxe2 Rxc2 44. Bd3 Rc5 45. Rb1 Rc3 46. Bxg6 Bd6 47. Kh4 Bxg3+ 48. Kxh5 Bd6 49. Re1 Rh3+ 50. Kg4 Rg3+ 51. Kf5 Kg8 52. Re8+ Bf8 53. Bh5 Rc3 54. Kg6 Rc6 55. Bf3 1-0

[Event "Landesliga Nord 0102"]
[Site "Bayern"]
[Date "2002.02.24"]
[Round "6.6"]
[White "Mares, Vaclav"]
[Black "Dahlheimer, Bernd"]
[Result "0-1"]
[WhiteElo "2010"]
[BlackElo "2175"]
[PlyCount "192"]
[EventDate "2001.10.07"]
[EventType "team"]
[EventRounds "9"]
[EventCountry "GER"]
[SourceTitle "EXT 2003"]
[Source "ChessBase"]
[SourceDate "2002.11.25"]
[SourceVersion "1"]
[SourceVersionDate "2002.11.25"]
[SourceQuality "1"]
[WhiteTeam "Koetzting"]
[BlackTeam "Dettingen"]
[WhiteTeamCountry "GER"]
[BlackTeamCountry "GER"]

1. e4 c5 2. f4 g6 3. Nf3 Bg7 4. Bc4 Nc6 5. 0-0 e6 6. Nc3 Nge7 7. e5 0-0 8. Ne4 d5 9. exd6 Nf5 10. c3 Nxd6 11. d3 b6 12. Qa4 Bb7 13. Ba6 Bxa6 14. Qxa6 Qd7 15. Nxd6 Qxd6 16. Be3 Rfd8 17. Rad1 Qc7 18. Qc4 Rac8 19. Rd2 Rd5 20. Rfd1 Rcd8 21. d4 Na5 22. Qe2 c4 23. Ne5 b5 24. Qf2 Nb7 25. Qh4 Nd6 26. Re2 Nf5 27. Qf2 Bxe5 28. fxe5 Rxe5 29. Bg5 Rxe2 30. Qxe2 Rd5 31. Rf1 Nxd4 32. Qg4 h5 33. Qh4 Nf5 34. Qe1 Qc5+ 35. Kh1 Ng3+ 36. Qxg3 Rxg5 37. Qb8+ Kg7 38. Qb7 Rf5 39. Re1 Qe3 40. Rg1 Qf2 41. b3 Qxa2 42. bxc4 bxc4 43. Qd7 Qf2 44. Qc7 Qc5 45. Qd8 a5 46. h3 Rf2 47. Rd1 a4 48. Qb8 h4 49. Qd8 g5 50. Qb8 a3 51. Kh2 Qc6 52. Rg1 Qd5 53. Qa7 Qe5+ 54. Kh1 Qf4 55. Qxa3 Rf1 56. Qc5 Rxg1+ 57. Kxg1 e5 58. Qb4 Qe4 59. Kh2 Qd3 60. Qe7 Qg3+ 61. Kh1 Qf4 62. Qb4 e4 63. Qxc4 e3 64. Qb5 Qf6 65. Qd3 Qe5 66. Qd1 Qxc3 67. Qg4 Qc1+ 68. Kh2 Qc7+ 69. Kh1 Qe5 70. Qe2 Qd4 71. Qh5 Qf4 72. Qe2 Qf2 73. Qh5 f6 74. Qe8 Kh6 75. Kh2 Qf4+ 76. Kh1 Qe5 77. Qd7 Kg6 78. Qd3+ Kh6 79. Qe2 Qc3 80. Qf3 Qe1+ 81. Kh2 Qg3+ 82. Qxg3 hxg3+ 83. Kxg3 f5 84. Kf3 f4 85. g3 Kg6 86. h4 fxg3 87. Kxe3 g4 88. Ke2 Kf5 89. h5 Kg5 90. h6 Kxh6 91. Ke3 Kg5 92. Ke2 Kf4 93. Kf1 Kf3 94. Kg1 g2 95. Kh2 g1Q+ 96. Kxg1 Kg3 0-1

[Event "Landesliga Nord 0102"]
[Site "Bayern"]
[Date "2001.11.11"]
[Round "2.6"]
[White "Mares, Vaclav"]
[Black "Zimlich, Juergen"]
[Result "0-1"]
[WhiteElo "2010"]
[BlackElo "1940"]
[PlyCount "74"]
[EventDate "2001.10.07"]
[EventType "team"]
[EventRounds "9"]
[EventCountry "GER"]
[SourceTitle "EXT 2003"]
[Source "ChessBase"]
[SourceDate "2002.11.25"]
[SourceVersion "1"]
[SourceVersionDate "2002.11.25"]
[SourceQuality "1"]
[WhiteTeam "Koetzting"]
[BlackTeam "Sailauf"]
[WhiteTeamCountry "GER"]
[BlackTeamCountry "GER"]

1. e4 d5 2. exd5 Qxd5 3. Nc3 Qa5 4. Nf3 Bf5 5. Bc4 e6 6. 0-0 Nf6 7. d3 c6 8. Qe1 Bc5 9. Bf4 0-0 10. a3 Qd8 11. Ne4 Be7 12. Ng3 Bg6 13. Ne5 Nd5 14. Bd2 Nd7 15. Nxg6 hxg6 16. Ba2 N7f6 17. Qe2 Qc7 18. Qf3 Bd6 19. c4 Ne7 20. Bc3 Nf5 21. Rfe1 Nxg3 22. hxg3 Nd7 23. d4 Rfe8 24. Qg4 Nf6 25. Qh3 Rad8 26. f4 c5 27. b4 b6 28. Kf2 Nh5 29. dxc5 bxc5 30. Qg4 cxb4 31. axb4 Qb6+ 32. Re3 Bxb4 33. Rb1 a5 34. Qg5 Rd3 35. c5 Qxc5 36. Rxb4 Qxe3+ 37. Kf1 Nxg3+ 0-1

[Event "Regionalliga NO 0001"]
[Site "Bayern"]
[Date "2001.02.18"]
[Round "6.6"]
[White "Schatz, Werner"]
[Black "Mares, Vaclav"]
[Result "1/2-1/2"]
[WhiteElo "1947"]
[BlackElo "2015"]
[PlyCount "96"]
[EventDate "2000.10.15"]
[EventType "team-tourn"]
[EventRounds "9"]
[EventCountry "GER"]
[SourceTitle "EXT 2020"]
[Source "ChessBase"]
[SourceDate "2019.10.17"]
[SourceVersion "1"]
[SourceVersionDate "2019.10.17"]
[SourceQuality "1"]
[WhiteTeam "Gunzenhausen"]
[BlackTeam "Koetzting"]
[WhiteTeamCountry "GER"]
[BlackTeamCountry "GER"]

1. d4 Nf6 2. Nf3 d5 3. Bg5 e6 4. e3 Nbd7 5. Bd3 c5 6. c3 Qb6 7. Qb3 Bd6 8. Qxb6 axb6 9. Nbd2 0-0 10. Bf4 Be7 11. h3 c4 12. Bc2 b5 13. 0-0 b4 14. Rfb1 b5 15. cxb4 Bxb4 16. Rc1 Bb7 17. Nb1 Ba5 18. Bd6 Rfc8 19. a3 Ne8 20. Be7 f6 21. Nc3 Bc6 22. Na2 g6 23. Bb4 Bb6 24. Nc3 e5 25. dxe5 Nxe5 26. Nd4 Bxd4 27. exd4 Nd7 28. Bd1 Nc7 29. Bf3 Nf8 30. Bxf8 Kxf8 31. Re1 Re8 32. g3 Re7 33. Kf1 Rb8 34. Re2 Ke8 35. Na2 Kd7 36. Rxe7+ Kxe7 37. Nb4 Kd6 38. Re1 Re8 39. Rxe8 Bxe8 40. Ke2 Bc6 41. h4 Bd7 42. Ke3 Bf5 43. g4 Bc8 44. g5 f5 45. Bg2 Bb7 46. f4 Ne6 47. Bf3 Bc6 48. Bd1 Ng7 1/2-1/2

[Event "Klatovy op-A"]
[Site "Klatovy"]
[Date "2001.??.??"]
[Round "?"]
[White "Mares, Vaclav"]
[Black "Zeman, Martin"]
[Result "0-1"]
[WhiteElo "2060"]
[BlackElo "1805"]
[PlyCount "56"]
[EventDate "2001.07.??"]
[EventType "swiss"]
[EventRounds "9"]
[EventCountry "CZE"]
[SourceTitle "EXT 2006"]
[Source "ChessBase"]
[SourceDate "2005.11.24"]
[SourceVersion "1"]
[SourceVersionDate "2005.11.24"]
[SourceQuality "1"]

1. e4 c5 2. Nf3 d6 3. d4 cxd4 4. Nxd4 Nf6 5. Nc3 a6 6. Be2 e6 7. 0-0 Be7 8. Be3 b5 9. a3 Bb7 10. Bf3 Qc7 11. g3 Nbd7 12. Qe2 Nb6 13. Rad1 Nc4 14. Bc1 Rd8 15. Bg2 Nxa3 16. Rfe1 Nc4 17. f4 0-0 18. b3 Nb6 19. Bb2 Nfd7 20. Qg4 Bf6 21. Rd2 Qc5 22. Nce2 e5 23. b4 Qxb4 24. Nb3 exf4 25. Bxf6 Nxf6 26. Qxf4 Nc4 27. Ned4 Nxd2 28. Nxd2 Qxd4+ 0-1

[Event "Klatovy op-A"]
[Site "Klatovy"]
[Date "2001.??.??"]
[Round "?"]
[White "Sindelar, Pavel"]
[Black "Mares, Vaclav"]
[Result "1-0"]
[WhiteElo "1945"]
[BlackElo "2060"]
[PlyCount "107"]
[EventDate "2001.07.??"]
[EventType "swiss"]
[EventRounds "9"]
[EventCountry "CZE"]
[SourceTitle "EXT 2006"]
[Source "ChessBase"]
[SourceDate "2005.11.24"]
[SourceVersion "1"]
[SourceVersionDate "2005.11.24"]
[SourceQuality "1"]

1. c4 Nf6 2. Nc3 d5 3. cxd5 Nxd5 4. g3 e5 5. Bg2 Be6 6. Nf3 Nc6 7. 0-0 Be7 8. d3 0-0 9. Ne4 h6 10. Qc2 Ndb4 11. Qb1 f5 12. Ned2 Qe8 13. a3 Nd5 14. e4 Nb6 15. b4 a6 16. Bb2 Bf6 17. Qc2 Rd8 18. Rad1 Qf7 19. exf5 Bxf5 20. Ne4 Bg4 21. Rd2 Qh5 22. Nxf6+ Rxf6 23. Nh4 g5 24. f3 Be6 25. f4 gxh4 26. Bxc6 bxc6 27. Bxe5 Rf7 28. Rg2 h3 29. g4 Bxg4 30. Rg3 Qg6 31. Rc1 h5 32. Qxc6 Qxc6 33. Rxc6 Rdd7 34. Rh6 Rh7 35. Rc6 Kf8 36. a4 Nxa4 37. Rxa6 Nb6 38. d4 Nc4 39. Bf6 Nd2 40. Re3 Nf3+ 41. Kf2 Nxd4 42. Bg5 Rd6 43. Ra8+ Bc8 44. Rxc8+ Kf7 45. Re7+ Kg6 46. Rg8+ Kf5 47. Rxh7 Nc2 48. Rf7+ Ke4 49. Rd8 Rc6 50. Re7+ Kf5 51. Re5+ Kg6 52. Be7 Rc4 53. Rg8+ Kh7 54. Rf8 1-0

[Event "Klatovy op-A"]
[Site "Klatovy"]
[Date "2001.??.??"]
[Round "?"]
[White "Zeleny, Tomas"]
[Black "Mares, Vaclav"]
[Result "1-0"]
[WhiteElo "1935"]
[BlackElo "2060"]
[PlyCount "31"]
[EventDate "2001.07.??"]
[EventType "swiss"]
[EventRounds "9"]
[EventCountry "CZE"]
[SourceTitle "EXT 2006"]
[Source "ChessBase"]
[SourceDate "2005.11.24"]
[SourceVersion "1"]
[SourceVersionDate "2005.11.24"]
[SourceQuality "1"]

1. e4 e5 2. Nf3 Nc6 3. Bb5 f5 4. Nc3 fxe4 5. Nxe4 Nf6 6. d3 d5 7. Nxf6+ Qxf6 8. Bg5 Qg6 9. Nxe5 Qxg5 10. Nxc6 bxc6 11. Bxc6+ Bd7 12. Bxa8 Qxg2 13. Qh5+ Kd8 14. Bxd5 Bb4+ 15. c3 Re8+ 16. Qxe8+ 1-0